El color de la amatista

Na minha lista:
Detalhes bibliográficos
Autor principal: Meier Frei, Sergio (autor)
Formato: Livro
Idioma:espanhol
Publicado em: Santiago Don Quixote 1986
Edição:1a. ed
Assuntos:
Tags: Adicionar Tag
Sem tags, seja o primeiro a adicionar uma tag!

MARC

LEADER 00000nam a2200000 a 4500
001 UCK7660
003 CL-VaPUC
008 051202e19860000CL |||||||||||||||||spa|d
082 0 4 |a Ch863  |b MEI  |2 21 
100 |a Meier Frei, Sergio  |e autor  |9 598416 
245 1 3 |a El color de la amatista 
250 |a 1a. ed 
300 |a 82 p 
942 |c BK 
945 |d 20051202 00:00:00  |a cmena 
260 |a Santiago  |b Don Quixote  |c 1986 
650 0 |a Novelas chilenas   |9 265425 
650 0 |a Literatura chilena   |9 308278 
583 |a last modification  |c 20051202 00:00:00  |k Rodrigo Vera 
999 |c 315512  |d 315510